Restrukturalizace kapitálu jako součást logistické orientace evropských železnic.
Odlišnosti v podmienkach ekonomického vývoja železníc u nás. Ekonomický mechanizmus fungovania železničných podnikov a úloha štátu v ňom. Príčiny prepravnej krízy v železničnej doprave. Zmeny v štruktúre kapitálu európskych železníc a v technickej základni a výkonoch. Postoj vlád k ekonomike železní...
Enregistré dans:
| Auteur principal: | |
|---|---|
| Autres auteurs: | |
| Format: | Chapitre de livre |
| Langue: | tchèque |
| Sujets: | |
| Tags: |
Pas de tags, Soyez le premier à ajouter un tag!
|
MARC
| LEADER | 00000naa a2200000 4500 | ||
|---|---|---|---|
| 001 | r011825 | ||
| 005 | 20220907113132.8 | ||
| 041 | 0 | |a cze | |
| 044 | |a [CS] | ||
| 245 | 1 | 0 | |a Restrukturalizace kapitálu jako součást logistické orientace evropských železnic. |c Jan Polena, L. Zelený |
| 520 | |a Odlišnosti v podmienkach ekonomického vývoja železníc u nás. Ekonomický mechanizmus fungovania železničných podnikov a úloha štátu v ňom. Príčiny prepravnej krízy v železničnej doprave. Zmeny v štruktúre kapitálu európskych železníc a v technickej základni a výkonoch. Postoj vlád k ekonomike železníc. | ||
| 610 | 2 | 0 | |a kapitál |
| 610 | 2 | 0 | |a zmeny štruktúrne |
| 610 | 2 | 0 | |a železnice |
| 610 | 2 | 0 | |a logistika |
| 610 | 2 | 0 | |a Európa |
| 610 | 2 | 0 | |a podnik dopravný |
| 610 | 2 | 0 | |a mechanizmus hospodársky |
| 610 | 2 | 0 | |a doprava železničná |
| 610 | 2 | 0 | |a štát |
| 610 | 2 | 0 | |a základňa technická |
| 610 | 2 | 0 | |a 1980-1990 |
| 610 | 2 | 0 | |a štruktúra kapitálová |
| 100 | 1 | |a Polena, Jan | |
| 700 | 1 | |a Zelený, L. | |